Green building : (Record no. 355506)

000 -LEADER
fixed length control field 02267cam a22003974a 4500
001 - CONTROL NUMBER
control field 16440746
003 - CONTROL NUMBER IDENTIFIER
control field Nust- CAS-E
005 - DATE AND TIME OF LATEST TRANSACTION
control field 20180118181404.0
008 - FIXED-LENGTH DATA ELEMENTS--GENERAL INFORMATION
fixed length control field 100831s2011 njuab b 001 0 eng
010 ## - LIBRARY OF CONGRESS CONTROL NUMBER
LC control number 2010036843
020 ## - INTERNATIONAL STANDARD BOOK NUMBER
International Standard Book Number 9780876292617
020 ## - INTERNATIONAL STANDARD BOOK NUMBER
International Standard Book Number 0876292619
035 ## - SYSTEM CONTROL NUMBER
System control number (OCoLC)ocn665064345
040 ## - CATALOGING SOURCE
Original cataloging agency DLC
Transcribing agency DLC
Modifying agency YDX
-- YDXCP
-- CDX
-- EYM
-- COD
-- VP@
-- AGL
-- DLC
042 ## - AUTHENTICATION CODE
Authentication code pcc
050 00 - LIBRARY OF CONGRESS CALL NUMBER
Classification number TH880
Item number .G74 2011
070 0# - NATIONAL AGRICULTURAL LIBRARY CALL NUMBER
Classification number TH880
Item number .G74 2011
082 00 - DEWEY DECIMAL CLASSIFICATION NUMBER
Classification number 720.47
Edition number 22
Author Mark MEA 2011
245 00 - TITLE STATEMENT
Title Green building :
Remainder of title project planning & cost estimating.
250 ## - EDITION STATEMENT
Edition statement 3rd ed.
260 ## - PUBLICATION, DISTRIBUTION, ETC.
Place of publication, distribution, etc. Hoboken, N.J. :
Name of publisher, distributor, etc. RSMeans :
-- Wiley,
Date of publication, distribution, etc. c2011.
300 ## - PHYSICAL DESCRIPTION
Extent xxii, 456 p. :
Other physical details ill. (some col.), col. maps ;
Dimensions 28 cm.
490 1# - SERIES STATEMENT
Series statement A Wiley book on sustainable design
502 ## - DISSERTATION NOTE
Dissertation note 0
504 ## - BIBLIOGRAPHY, ETC. NOTE
Bibliography, etc. note Includes bibliographical references and index.
505 00 - FORMATTED CONTENTS NOTE
Title Green building approaches --
-- Introduction to green building materials & systems --
-- Building deconstruction --
-- Efficient use of energy & other resources --
-- Solar energy systems --
-- Wind power --
-- Health, comfort & productivity --
-- The green design process & associated costs --
-- Rating systems, standards & guidelines --
-- Budgeting & financing construction --
-- Specifying green products & materials --
-- Commissioning the green building --
-- Economic analysis & green buildings --
-- Evaluating products over their life cycle --
-- Evaluation, analysis & data tools --
-- The greening of commercial real estate --
-- Case Studies.
520 ## - SUMMARY, ETC.
Summary, etc. "This Third edition has been updated with the latest in green building technologies, design concepts, standards, and costs. The chapters, case studies, and resources give readers practical guidance on green building, including the latest on green building approaches, materials, rating systems, standards and guidelines"--
650 #0 - SUBJECT ADDED ENTRY--TOPICAL TERM
Topical term or geographic name entry element Sustainable construction.
650 #0 - SUBJECT ADDED ENTRY--TOPICAL TERM
Topical term or geographic name entry element Sustainable buildings
General subdivision Design and construction.
650 #0 - SUBJECT ADDED ENTRY--TOPICAL TERM
Topical term or geographic name entry element Building
General subdivision Estimates.
650 #0 - SUBJECT ADDED ENTRY--TOPICAL TERM
Topical term or geographic name entry element Sustainable architecture.
830 #0 - SERIES ADDED ENTRY--UNIFORM TITLE
Uniform title Wiley book on sustainable design.
906 ## - LOCAL DATA ELEMENT F, LDF (RLIN)
a 7
b cbc
c orignew
d 1
e ecip
f 20
g y-gencatlg
942 ## - ADDED ENTRY ELEMENTS (KOHA)
Source of classification or shelving scheme
Koha item type Book
Holdings
Withdrawn status Lost status Source of classification or shelving scheme Damaged status Not for loan Collection code Permanent Location Current Location Shelving location Date acquired Source of acquisition Total Checkouts Full call number Barcode Date last seen Cost, replacement price Price effective from Koha item type
            US-Pakistan Center for Advanced Studies in Energy (USPCAS-E) US-Pakistan Center for Advanced Studies in Energy (USPCAS-E) General Stacks 04/17/2013 Victoria co   720.47 MEA 2011 CAS-E0000205 02/20/2015 11249.00 02/20/2015 Book
© 2023 Central Library, National University of Sciences and Technology. All Rights Reserved.